Harry Potter Spell Match Quiz Stats

 Plays Quiz Updated Dec 5, 2018

Support Sporcle.
Go Orange.
Score 0/30 Timer 04:00
4 Plays Today
% Correct
Lumos
90.5%
Crucio
89.4%
Expecto Patronum
89.2%
Alohomora
89.1%
Expelliarmus
88.4%
Avada Kedavra
87.1%
Riddikulus
86.1%
Wingardium Leviosa
85.9%
Accio
79.9%
Confundo
78%
Imperio
76.2%
Reparo
75.7%
Incendio
74.6%
Stupefy
73.9%
Petrificus Totalus
72.1%
% Correct
Repello
70%
Nox
69.5%
Protego
68.5%
Levicorpus
68.2%
Sonorus
66.5%
Avis
61.6%
Muffliato
57.5%
Protego Horribilis
54.1%
Densaugeo
53.2%
Impedimenta
50.9%
Langlock
50.2%
Impervius
45.4%
Rictusempra
40.3%
Colloportus
37.4%
Diffindo
35.5%

From the Vault

'Buffy' Episodes by Any 3 Letters

by PlaidMime

The hardest thing in this world is to live in it. Be brave. Live. - Buffy
Remove Ads.
Support Sporcle.
Get the best of Sporcle when you Go Orange. This ad-free experience offers more features, more stats, and more fun while also helping to support Sporcle. Thank you for becoming a member.

Show Comments

Extras

Top Quizzes Today


Score Distribution

Your Account Isn't Verified!

In order to create a playlist on Sporcle, you need to verify the email address you used during registration. Go to your Sporcle Settings to finish the process.

Report this User

Report this user for behavior that violates our Community Guidelines.

Details: